Tilastot visalle Historia

Klikkaa tästä pelataksesi tätä visaa!

Yleistilastot

  • Tätä visaa on pelattu 47 kertaa
    (38 viimeisimmän päivityksen jälkeen)
  • Keskiarvotulos 8 / 30

Vastaustilastot

VihjeVastaus% Oikein
Ensimmäinen avaruuslentäjäJuri Gagarin
80%
Ensimmäinen Rooman keisariAugustus
77%
Daavid veistoksen luojaMichelangelo
60%
Jugoslavian presidentti (1953-1980)Josip Broz Tito
50%
Apartheid politiikan lopettajaNelson Mandela
50%
John F. Kennedyn murhaajaLee Harvey Oswald
47%
Ylitti Alpit elefanttien avullaHannibal
40%
"Ylpeys ja ennokkaluulo" Kirjan kirjoittajaJane Austen
40%
Trafalgarin taistelun amiraaliHoratio Nelson
37%
Kirjanpainon kehittäjäJohannes Gutenberg
37%
Scat-laulutyylin perustaja, jazzlaulaja 1920-luvullaLouis Armstrong
33%
Englannin ensimmäinen normannikuningas (1066-1087)Vilhelm Valloittaja
30%
Ranskan viimeinen kuningasLudvig XVI
27%
Ensimmäinen kuurosokea nainen, joka sai kandinaatin tutkinnon Harvardin yliopistostaHelen Keller
23%
Spartalainen kuningas, joka johti Thermopylain taisteluaLeonidas I
23%
Muslimijohtaja kolmannen ristiretken aikanaSaladin
23%
"Etelän vapauttaja" Etelä AmerikassaSimón Bolívar
23%
Preussin "suuri" kuningasFredrik Suuri
20%
Brittikomentaja WaterloossaWellingtonin herttua
20%
Etelä-Amerikan löytänyt löytöretkeilijä (1501-1502)
Amerigo Vespucci
17%
Ensimmäinen Habsburg-sukuun kuulunut Kastilian kuningasFilip Komea
17%
Lordiprotektori Englannissa (1653-1658)Oliver Cromwell
17%
Penisilliinin keksijäAlexander Fleming
13%
Ensimmäinen eurooppalainen AmerikassaLeif Erikinpoika
10%
Tunnetuin Zulujen johtajaShaka
7%
Persialainen profeetta, jonka mukaan on nimetty uskontoZarasthustra
7%
Tunnettiin myös nimellä "Musta mooses"Harriet Tubman
3%
Daodejingin luojaLaozi
3%
Viimeinen Kiinan keisariPu Yu
0%
Kiinalainen hallitsija, joka halusi kuolemattomuutta elohopeallaQin Shi Huang
0%

Tulosjakauma

Persentiili vastausten määrän mukaan

Jokaisen tuloksen saaneiden osuus

Tuloshistoriasi

Et ole pelannut tätä visaa sen viimeisimmän päivityksen jälkeen